| 000 | 01105cam a2200229 4500 | ||
|---|---|---|---|
| 001 | WB3809-23 | ||
| 008 | 020305n2002 000 0 eng u | ||
| 035 | _a(Sirsi) u116992 | ||
| 245 | _aConfuse the issue | ||
| 260 | _c2002 | ||
| 490 |
_aEstates Gazette _v(0209) 2 March 2002, 217(1) |
||
| 520 | _aThe second in a series of four articles on statutory notices discusses the extent to which the reasonable recipient test applies to non-compliance. Examines the recent case "Speedwell Estates Ltd v Dalziel" (2002) where the Court of Appeal dealt with three appeals involving leases from the same landlord which centred on whether the tenant's notice of claim under the Leasehold Reform Act 1967 was valid. For the case see ABS65055 | ||
| 590 | _aWB | ||
| 650 | _aSPEEDWELL ESTATES LTD AND ANOTHER V DALZIEL AND OTHERS | ||
| 650 | _aNON-COMPLIANCE | ||
| 650 | _aSTATUTORY NOTICES | ||
| 650 | _aNOTICE OF CLAIM | ||
| 650 | _aINVALID NOTICES | ||
| 650 | _aLEASEHOLD ENFRANCHISEMENT | ||
| 690 | _aPROPERTY-RESIDENTIAL PROPERTY-RESIDENTIAL LANDLORD AND TENANT-RESIDENTIAL TENANCIES | ||
| 942 | _n0 | ||
| 999 |
_c69687 _d69687 |
||